000 00904nam a2200277 i 4500
003 DO-SdBNP
005 20250903082731.0
007 ta
008 110413s2009 dr 000 0 spa d
040 _aDO-SdBNP
_bspa
_cBNPHU
_erda
041 _aspa
082 4 _a861.44
_bM827
_222
100 1 _aMora Serrano, Manuel,
_c1933-
_d1933-
_95162
245 1 3 _aEl magisterio lírico de Moreno Jimenes /
_cManuel Mora Serrano
264 1 _aSanto Domingo :
_bGente,
_c2009.
300 _a10 páginas
_c21 cm.
336 _2rdacontent
_atexto
_btxt
337 _2rdamedia
_asin mediación
_bn
338 _2rdacarrier
_avolumen
_bnc
500 _aConferencia en el Centro León de Santiago, 24 de octubre 2009.
590 _aInventariado, 2023/ YL
650 4 _aLiteratura dominicana.
_967
650 4 _aPoesía dominicana
_978060
910 _aYLockward. Validado. Control de calidad/MAA
942 _2ddc
_cLF2
999 _c55021
_d55021